Japan's iron and steel handbook
Gespeichert in:
| Format: | Buch |
|---|---|
| Sprache: | Undetermined |
| Veröffentlicht: |
Tokyo
1975
|
| Schlagworte: | |
| Tags: |
Tag hinzufügen
Keine Tags, Fügen Sie den ersten Tag hinzu!
|
| Thư viện lưu trữ: | Trung tâm Học liệu Trường Đại học Cần Thơ |
|---|
| LEADER | 00435nam a2200157Ia 4500 | ||
|---|---|---|---|
| 001 | CTU_99442 | ||
| 008 | 210402s9999 xx 000 0 und d | ||
| 082 | |a 338.47669 | ||
| 082 | |b J35 | ||
| 245 | 0 | |a Japan's iron and steel handbook | |
| 260 | |a Tokyo | ||
| 260 | |c 1975 | ||
| 650 | |a Iron industry and trade,Steel industry and trade | ||
| 650 | |z Japan,Japan | ||
| 904 | |i Truc | ||
| 980 | |a Trung tâm Học liệu Trường Đại học Cần Thơ | ||